Normal view
MARC view
Entry Personal Name
001 - CONTROL NUMBER
- control field: 49330
003 - CONTROL NUMBER IDENTIFIER
- control field: OSt
005 - DATE AND TIME OF LATEST TRANSACTION
- control field: 20260213165551.0
008 - FIXED-LENGTH DATA ELEMENTS
- fixed length control field: 260213|| aca||aabn | a|a d
040 ## - CATALOGING SOURCE
- Original cataloging agency: OSt
- Transcribing agency: OSt
100 ## - HEADING--PERSONAL NAME
- Personal name: Dhanush, S.R
670 ## - SOURCE DATA FOUND
- Source citation: Work cat.: (OSt)36139: Dhanush, S.R, Stellar population in the Magellanic Clouds: Star formation and evolution in diverse environments